| 000 | 00375nam a22001457a 4500 | ||
|---|---|---|---|
| 003 | OSt | ||
| 020 | _a1886411727 | ||
| 040 | _c0 | ||
| 082 |
_222 _a005.4469 |
||
| 100 | _aWard, Brain. | ||
| 245 |
_aThe book of VMware : _bthe complete guide to NMware work station / |
||
| 260 |
_aSan Francisco, _bNo Starch Press, _cc2002. |
||
| 300 |
_axv, 249 p. ; _bill. ; |
||
| 942 |
_2ddc _cIT _01 |
||
| 999 |
_c4489 _d4489 |
||